Techniky imobilizácie aptaméru a jeho elektrochemická charakterizácia na rôznych elektródových materiáloch

Enregistré dans:
Détails bibliographiques
Auteur principal: Háberová, Simona (Auteur)
Autres auteurs: Sochr, Jozef (Directeur de thèse)
Format: Manuscrit Livre
Langue:slovaque
Publié: 2021
Sujets:
Accès en ligne:http://is.stuba.sk/zp/portal_zp.pl?podrobnosti=149038
Tags: Ajouter un tag
Pas de tags, Soyez le premier à ajouter un tag!

MARC

LEADER 00000ntm a22000003a 4500
001 stuzp84832
003 SK-STU
005 20210626211755.1
007 ta
008 150427s2015----xo-----f-mn---000-0-slo-d
040 |a STU  |b slo 
041 0 |a slo 
100 1 |a Háberová, Simona  |u 041000  |k Z4  |4 aut  |U FCHPT Fakulta chemickej a potravinárskej technológie  |T FCHPT Ústav analytickej chémie  |X 97507  |U C1000  |Y 99  |7 97507 
242 0 1 |a Immobilisation techniques of aptamer and its electrochemical characterisation at various electrode materials  |y eng 
245 1 0 |a Techniky imobilizácie aptaméru a jeho elektrochemická charakterizácia na rôznych elektródových materiáloch 
260 |c 2021 
650 4 |a aptamér  |2 slo 
650 4 |a elektrochemický aptasenzor  |2 slo 
650 4 |a elektrografting  |2 slo 
650 4 |a elektropolymerizácia  |2 slo 
650 4 |a imobilizácia  |2 slo 
650 4 |a SAM  |2 slo 
650 4 |a electropolymerization  |2 eng 
650 4 |a aptamer  |2 eng 
650 4 |a electrochemical aptasensor  |2 eng 
650 4 |a electrografting  |2 eng 
650 4 |a immobilisation  |2 eng 
650 4 |a SAM  |2 eng 
700 1 |a Sochr, Jozef  |u 041000  |k Z2  |4 ths  |U FCHPT Fakulta chemickej a potravinárskej technológie  |T FCHPT Ústav analytickej chémie  |X 40652  |U C1000  |Y 99  |7 A000040652 
856 4 |u http://is.stuba.sk/zp/portal_zp.pl?podrobnosti=149038